Process design and engineering practice

Guardat en:
Dades bibliogràfiques
Autor principal: Woods, Donald R (Autor)
Format: Llibre
Idioma:anglès
Publicat: Englewood Cliffs Prentice-Hall 1995
Matèries:
Etiquetes: Afegir etiqueta
Sense etiquetes, Sigues el primer a etiquetar aquest registre!

MARC

LEADER 00000nam a2200000 a 4500
001 UCY4799
003 CL-VaPUC
008 950329e19950000US |||||||||||||||||eng|d
082 0 4 |a 660.281  |b WOO  |2 21 
100 0 |a Woods, Donald R  |e author  |9 333294 
245 1 0 |a Process design and engineering practice 
300 |a pag. irreg 
942 |c BK 
945 |d 19950329 00:00:00  |a mfernand 
260 |a Englewood Cliffs  |b Prentice-Hall  |c 1995 
650 0 |a Procesos químicos  |9 259436 
583 |a last modification  |c 20120823 11:03:37  |k Rodrigo Vera 
999 |c 232563  |d 232561 
952 |0 0  |1 0  |4 0  |6 660_281000000000000_WOO_1995  |7 0  |8 A  |9 237255  |a BIBING  |b BIBING  |d 2019-11-15  |i 3071316  |o 660.281 WOO 1995  |p 3071316  |r 2025-01-20  |w 2019-11-15  |y BK  |k EIQ 
952 |0 0  |1 0  |4 0  |6 660_281000000000000_WOO_1995  |7 0  |8 A  |9 237256  |a BIBING  |b BIBING  |d 2019-11-15  |i 2984199  |o 660.281 WOO 1995  |p 2984199  |r 2025-01-20  |w 2019-11-15  |y BK  |k EIQ